Kinh tế đối ngoại
Guardat en:
| Format: | Llibre |
|---|---|
| Idioma: | Undetermined |
| Publicat: |
Hà Nội
Trường Đại học Ngoại thương
2019
|
| Matèries: | |
| Etiquetes: |
Afegir etiqueta
Sense etiquetes, Sigues el primer a etiquetar aquest registre!
|
| Thư viện lưu trữ: | Trung tâm Học liệu Trường Đại học Cần Thơ |
|---|
| LEADER | 00510nam a2200169Ia 4500 | ||
|---|---|---|---|
| 001 | CTU_236439 | ||
| 008 | 210402s9999 xx 000 0 und d | ||
| 082 | |a 327 | ||
| 082 | |b K312 | ||
| 245 | 0 | |a Kinh tế đối ngoại | |
| 245 | 0 | |c Trường Đại học Ngoại thương | |
| 260 | |a Hà Nội | ||
| 260 | |b Trường Đại học Ngoại thương | ||
| 260 | |c 2019 | ||
| 650 | |a Economic,Kinh tế học | ||
| 904 | |i T.Trang | ||
| 980 | |a Trung tâm Học liệu Trường Đại học Cần Thơ | ||